| 000 | 01527nam0a22002891 4500 | ||
|---|---|---|---|
| 001 | rc\4779184 | ||
| 005 | 20260320164525.0 | ||
| 021 |
_aRU _bП152-65 |
||
| 035 | _a(NLR Aleph) 009003489 | ||
| 090 |
_a9322184 _c9322184 |
||
| 100 | _a20130417d1965 u y0rusy50 ca | ||
| 101 | 0 | _arus | |
| 102 | _aRU | ||
| 105 | _ay z ||||| | ||
| 200 | 1 |
_aРациональные методы организации труда ткачей и помощников мастера при обслуживании автоматизированных и автоматических ткацких станков в льняной и пенько-джутовой промышленности _fЦентр. ин-т науч.-техн. информации легкой пром-сти. Гос. Ком. по легкой пром-сти при Госплане СССР |
|
| 210 |
_aМосква _cБ. и. _d1965 |
||
| 215 |
_a28 с. _d22 |
||
| 225 | 1 |
_aНаучно-техническая информация _hСерия 6 _iЛьнопенькоджутовая промышленность _eИнформация _v2 (18) |
|
| 300 | _aНа обл. только загл. серии | ||
| 300 | _aСост. указан на обороте тит. л. | ||
| 700 | 1 |
_4220 _7ca _8rus _aНовиков _bА. К. _cинженер _gАлександр Константинович _92701688 _3RU\NLR\AUTH\770291329 |
|
| 801 | 0 |
_aRU _bNLR _gpsbo |
|
| 801 | 1 |
_aRU _bELAR _2rusmarc |
|
| 852 |
_aNLR _jП10/2700 |
||
| 942 | _cBOOK | ||
| 980 | _aNB | ||